000 00291nam a2200157Ia 4500
100 _aGMAT
250 _a8
942 _cBK
654 _aBarrons
245 _aBarrons I Choice
260 _bGalgotia
_c1990
082 _a658
_bJAF
300 _a535
546 _aENGLISH
999 _c23498
_d23498